000 00843cam a2200289 4500
008 090401t1993 xxu||||| |||| 00| 0 eng d
020 _a0632037423
035 _a(Sirsi) u39570
041 _aeng
050 _a690.1
100 _aBarry, R.
245 4 _aThe construction of buildings volume 3: single storey frames, shells, and lightweight coverings.
250 _a4th ed.
260 _aOxford
_bBlackwell Scientific Publications
_c1993
300 _a117p. : ill. ; 28cm.
350 _a11.99
650 _aCLADDING
650 _aFIN WALLS
650 _aROOFLIGHTS
650 _aBUILT ENVIRONMENT-BUILDING ELEMENTS-COMPLETE BUILDING ELEMENTS-ROOFS
650 _aSHELL STRUCTURES
650 _aSINGLE-STOREY FRAMES
650 _aTILT-UP CONSTRUCTION
690 _aBUILT ENVIRONMENT
942 _n0
948 _c04/03/1997
999 _c90804
_d90804